[Event "Solingen-ch 2022"]
[Site "Solingen"]
[Date "2022.09.02"]
[Round "1.1"]
[White "Kniest, Oliver"]
[Black "Hirsch, Dominik"]
[Result "1-0"]
[WhiteElo "2273"]
[BlackElo "1639"]
[PlyCount "71"]
[EventDate "2022.??.??"]
[WhiteTeam "SG Solingen e. V."]
[BlackTeam "Elberfelder SG"]

1. c4 Nf6 2. Nc3 e6 3. e4 Nc6 4. d4 Bb4 5. e5 Ne4 6. Nge2 f6 7. Qd3 d5 8. exd6
Bxc3+ 9. bxc3 Nxd6 10. Ng3 b6 11. Qe3 Qe7 12. Bd3 Na5 13. c5 bxc5 14. dxc5 Nf7
15. Qe4 c6 16. Ba3 Ne5 17. Be2 O-O 18. O-O Nb7 19. f4 Nd7 20. Qxc6 Ndxc5 21.
Ne4 Bd7 22. Qxb7 Rfb8 23. Bxc5 Qe8 24. Qa6 Rb2 25. Ba3 Rb6 26. Qd3 Bb5 27. Qe3
Bc6 28. Bf3 Rab8 29. Rad1 Ra6 30. Nd6 Qg6 31. Qxe6+ Kf8 32. Nc8+ Rxa3 33. Qe7+
Kg8 34. Rd8+ Be8 35. Rxe8+ Qxe8 36. Qxe8# 1-0

[Event "Solingen-ch 2022"]
[Site "Solingen"]
[Date "2022.09.02"]
[Round "1.2"]
[White "Bauer, Matthias"]
[Black "Zolfagharian, Kevin"]
[Result "0-1"]
[WhiteElo "1623"]
[BlackElo "2229"]
[PlyCount "128"]
[EventDate "2022.??.??"]
[WhiteTeam "SV Günnigfeld 1922 e. V."]
[BlackTeam "SG Solingen e. V."]

1. d4 Nf6 2. e3 e6 3. f4 c5 4. c3 Be7 5. Nf3 b6 6. Bd3 Bb7 7. O-O Qc7 8. Qe2
Nc6 9. Nbd2 O-O 10. Ne4 Nxe4 11. Bxe4 f5 12. Bd3 Rae8 13. Bd2 Bf6 14. Ne5 d6
15. Nxc6 Bxc6 16. Bb5 Re7 17. Bxc6 Qxc6 18. Rf3 Qe4 19. Re1 Rc8 20. Rh3 Qc2 21.
dxc5 dxc5 22. Bc1 Qxe2 23. Rxe2 Rd8 24. Rf3 Red7 25. Rc2 Rd3 26. Kf2 h6 27. Ke2
Kf7 28. Rd2 Rxd2+ 29. Bxd2 g5 30. Rf1 Kg6 31. Rd1 e5 32. g3 Kh5 33. h3 Re8 34.
Kf2 Rd8 35. Ke2 e4 36. Be1 {(=)} gxf4 37. exf4 Kg6 38. Rxd8 Bxd8 39. Bf2 h5 40.
Kd1 h4 41. Ke2 Kh5 42. Be1 Bf6 43. a4 a6 44. Bf2 Be7 45. Be1 b5 46. axb5 axb5
47. Bf2 c4 48. Kf1 Bf6 49. Kg2 b4 50. Be1 b3 51. Bd2 Be7 52. Kh2 Ba3 53. Bc1
Bc5 54. Kg2 e3 55. gxh4 e2 56. Bd2 Be3 57. Be1 Bc1 58. Kf2 Bxb2 59. Kxe2 Bc1
60. Kd1 Bxf4 61. Bf2 Be5 62. Be1 Bf6 63. Bd2 Kxh4 64. Bf4 Bxc3 0-1

[Event "Solingen-ch 2022"]
[Site "Solingen"]
[Date "2022.09.02"]
[Round "1.3"]
[White "Görke, Joachim"]
[Black "Bock, Jürgen"]
[Result "1-0"]
[WhiteElo "2134"]
[BlackElo "1554"]
[PlyCount "63"]
[EventDate "2022.??.??"]
[WhiteTeam "SG Solingen e. V."]
[BlackTeam "SC Düsseldorf Garath"]

1. d4 d6 2. e4 Nf6 3. Nc3 e5 4. Nf3 Nbd7 5. Bc4 Be7 6. h3 c6 7. a4 a5 8. O-O
O-O 9. Be3 Nb6 10. Bd3 Nfd7 11. dxe5 Nxe5 12. Nxe5 dxe5 13. Qe2 Be6 14. Rad1
Qc7 15. f4 f6 16. f5 Bf7 17. b3 Nd7 18. Qf2 b6 19. Kh2 Bc5 20. g4 Bxe3 21. Qxe3
Nc5 22. g5 Bh5 23. Bc4+ Kh8 24. Rd2 Qe7 25. Rg2 g6 26. Rfg1 gxf5 27. exf5 e4
28. g6 hxg6 29. Rxg6 Bxg6 30. Rxg6 Qe5+ 31. Kh1 Ra7 32. Qh6+ 1-0

[Event "Solingen-ch 2022"]
[Site "Solingen"]
[Date "2022.09.02"]
[Round "1.5"]
[White "Fichtner, Ewald"]
[Black "Scheidtmann, Kian"]
[Result "1-0"]
[WhiteElo "2030"]
[BlackElo "1534"]
[PlyCount "91"]
[EventDate "2022.??.??"]
[WhiteTeam "SG Solingen e. V."]
[BlackTeam "SG Solingen e. V."]

1. d4 Nf6 2. Bf4 g6 3. Nc3 Bg7 4. e4 O-O 5. Qd2 d6 6. O-O-O Nc6 7. f3 Nd7 8.
Bh6 e5 9. d5 Ne7 10. h4 f5 11. h5 f4 12. Bxg7 Kxg7 13. g3 Nf6 14. gxf4 exf4 15.
Qd4 c5 16. dxc6 Nxc6 17. h6+ Kh8 18. Qxd6 Qxd6 19. Rxd6 Ne5 20. Rh2 Bd7 21.
Rhd2 Bc6 22. Be2 Nh5 23. b3 Rae8 24. Bb5 Ng3 25. a4 a6 26. Bxc6 bxc6 27. Nd1 g5
28. Nf2 Nf1 29. R2d4 Nh2 30. Rb4 Nhxf3 31. Nxf3 Nxf3 32. Rxc6 Ne5 33. Rc7 Rf7
34. Rxf7 Nxf7 35. Ng4 Rf8 36. e5 Nxh6 37. Nxh6 f3 38. Ng4 f2 39. Nxf2 Rxf2 40.
Re4 Kg8 41. b4 Kf8 42. b5 Rf7 43. b6 h5 44. e6 Rb7 45. a5 Ke7 46. Re5 1-0

[Event "Solingen-ch 2022"]
[Site "Solingen"]
[Date "2022.09.02"]
[Round "1.6"]
[White "Falk, Thomas"]
[Black "Kushchan, Eduard"]
[Result "0-1"]
[WhiteElo "1528"]
[BlackElo "2015"]
[PlyCount "49"]
[EventDate "2022.??.??"]
[WhiteTeam "Elberfelder SG"]
[BlackTeam "SG Solingen e. V."]

1. d4 d5 2. Bf4 Nf6 3. e3 g6 4. Be2 Bg7 5. h3 O-O 6. Nf3 Nbd7 7. O-O c6 8. c4
Re8 9. Nc3 e6 10. Re1 dxc4 11. Bxc4 b5 12. Be2 Bb7 13. Ne5 a6 14. Bf3 Nxe5 15.
Bxe5 Qe7 16. Rc1 Rac8 17. Ne4 Nxe4 18. Bxg7 Nxf2 19. Kxf2 Kxg7 20. Rc5 Qf6 21.
Qc2 e5 22. dxe5 Rxe5 23. Kg1 Rce8 24. Bxc6 Rxc5 25. Qxc5 0-1

[Event "Solingen-ch 2022"]
[Site "Solingen"]
[Date "2022.09.02"]
[Round "1.7"]
[White "Steinbach, Wolfgang"]
[Black "Schubert, Stefan"]
[Result "1-0"]
[WhiteElo "1922"]
[BlackElo "1522"]
[PlyCount "135"]
[EventDate "2022.??.??"]
[WhiteTeam "SG Solingen e. V."]
[BlackTeam "SG Solingen e. V."]

1. Nf3 g6 2. d4 d5 3. c4 Nf6 4. cxd5 Nxd5 5. e4 Nb6 6. Be2 Bg7 7. h3 Nc6 8. Be3
O-O 9. Qd2 Re8 10. O-O Qd6 11. Nc3 a6 12. Rac1 e5 13. d5 Ne7 14. Ne1 f5 15. f3
f4 16. Bf2 c5 17. Qc2 g5 18. a4 Nd7 19. a5 b5 20. axb6 Nxb6 21. Na4 Nxa4 22.
Qxa4 Bd7 23. Qa5 Reb8 24. Bxc5 Qf6 25. Qa3 Bf8 26. Nd3 Bb5 27. Rfe1 Nc8 28.
Bxf8 Qxf8 29. Qxf8+ Kxf8 30. Nxe5 Nd6 31. Bxb5 Rxb5 32. Re2 a5 33. Rc7 Rb7 34.
Rxb7 Nxb7 35. Rc2 Nd6 36. Nd3 Rb8 37. Rc6 Ne8 38. Kf1 Ng7 39. Ke2 Nh5 40. Kd2
Ng3 41. Ke1 Rb3 42. Rc3 Rb5 43. Rc1 Rb3 44. Kd2 Nh5 45. Ra1 Ng3 46. Rxa5 Nf1+
47. Kc2 Rb6 48. Ra8+ Kg7 49. Kc3 Ne3 50. Kd4 Nxg2 51. e5 Nh4 52. Ke4 Rb3 53. d6
Nxf3 54. d7 Nd2+ 55. Kf5 Rxd3 56. d8=Q Rxd8 57. Rxd8 Nc4 58. Kxg5 f3 59. Rd7+
Kg8 60. Rd1 Nxb2 61. Rf1 Nd3 62. Kf5 f2 63. Ke4 Nc5+ 64. Kd4 Ne6+ 65. Ke3 Ng5
66. Rxf2 Nxh3 67. Rg2+ Kf7 68. Rg3 1-0

[Event "Solingen-ch 2022"]
[Site "Solingen"]
[Date "2022.09.02"]
[Round "1.8"]
[White "Seibert, Hanjo"]
[Black "Boschek, Dr. Hajo"]
[Result "0-1"]
[WhiteElo "1452"]
[BlackElo "1920"]
[PlyCount "48"]
[EventDate "2022.??.??"]
[WhiteTeam "SG Solingen e. V."]
[BlackTeam "SG Solingen e. V."]

1. e4 c6 2. d4 d5 3. exd5 cxd5 4. Bd3 Nc6 5. Nf3 Bg4 6. Be3 Nf6 7. O-O e6 8.
Nbd2 Be7 9. h3 Bh5 10. c3 O-O 11. Qc2 Rc8 12. a3 Bg6 13. Ne5 Bxd3 14. Qxd3 Nd7
15. Ndf3 f6 16. Nxd7 Qxd7 17. Rfe1 Bd6 18. c4 dxc4 19. Qxc4 Nb4 20. Qb3 Nc2 21.
d5 Nxa1 22. Rxa1 exd5 23. Qxd5+ Kh8 24. Bxa7 Bh2+ 0-1

[Event "Solingen-ch 2022"]
[Site "Solingen"]
[Date "2022.09.02"]
[Round "1.9"]
[White "Vranidis, Athanassios"]
[Black "Shivkumar, Siddharth"]
[Result "1/2-1/2"]
[WhiteElo "1904"]
[BlackElo "1451"]
[PlyCount "130"]
[EventDate "2022.??.??"]
[WhiteTeam "SG Solingen e. V."]
[BlackTeam "SG Solingen e. V."]

1. d4 d5 2. c4 e6 3. 
Nc3 Nf6 4. Nf3 c5 5. cxd5 exd5 6. g3 Nc6 7. Bg2 Be6 8. O-O cxd4 9. Nxd4 Bc5 10.
Nb3 Bb6 11. Bg5 d4 12. Ne4 O-O 13. Nxf6+ gxf6 14. Bh6 Re8 15. Qd2 Bd5 16. Qf4
Be6 17. Rad1 Ne5 18. Nxd4 Ng6 19. Nxe6 Nxf4 20. Nxd8 Nxe2+ 21. Kh1 Raxd8 22.
Rxd8 Rxd8 {(=)} 23. Bxb7 Nd4 24. Be3 Rb8 25. Be4 f5 26. Bd3 Kg7 27. Rd1 Kg6 28.
Bc4 Nf3 29. Rd6+ f6 30. Bxb6 axb6 31. Kg2 Ne1+ 32. Kf1 b5 33. Kxe1 bxc4 34. Rd2
Kg5 35. Rc2 h5 36. h4+ Kg6 37. Kd2 f4 38. a4 Rb4 39. a5 Ra4 40. Rc3 fxg3 41.
fxg3 Kf5 42. Ke3 Kg4 43. Kf2 Rxa5 44. Rxc4+ Kh3 45. Rf4 f5 46. Rf3 Rb5 47. b3
Kg4 48. Rc3 f4 49. gxf4 Kxh4 50. Kf3 Kh3 51. Ke4+ Kg2 52. f5 Rb4+ 53. Ke5 Rb5+
54. Kf6 h4 55. Kg6 Rb6+ 56. Kg5 h3 57. f6 Rb5+ 58. Kg6 Rb6 59. Kg7 h2 60. Rc2+
Kg1 61. f7 Rxb3 62. Rc1+ Kg2 63. f8=Q Rg3+ 64. Kh7 Rh3+ {(=)} 65. Kg7 Rg3+
1/2-1/2

[Event "Solingen-ch 2022"]
[Site "Solingen"]
[Date "2022.09.02"]
[Round "1.10"]
[White "Gülcan, Batuhan Ege"]
[Black "Speck, Stefan"]
[Result "0-1"]
[WhiteElo "1532"]
[BlackElo "1889"]
[PlyCount "70"]
[EventDate "2022.??.??"]
[WhiteTeam "SG Solingen e. V."]
[BlackTeam "SG Solingen e. V."]

1. d4 d6 2. c4 Nf6 3. Nc3 e5 4. dxe5 dxe5 5. Qxd8+ Kxd8 6. Bg5 c6 7. Nf3 Nbd7
8. a3 a5 9. Rd1 Kc7 10. e3 Ne8 11. Bh4 f6 12. Bg3 Nd6 13. Be2 Nc5 14. h3 Be7
15. Nd2 {(=)} a4 16. Bf3 Nd3+ 17. Kf1 Nxb2 18. Ra1 Nbxc4 19. Nxc4 Nxc4 20. Rc1
Be6 21. Be2 Nxa3 22. Bg4 Bxg4 23. Nd5+ Kd6 24. Nxe7 Kxe7 25. hxg4 Nb5 26. Ke2
a3 27. Ra1 Ra4 28. f3 Rb4 29. Rhc1 Rb2+ 30. Kf1 h5 31. gxh5 Rxh5 32. Kg1 a2 33.
f4 Ke6 34. fxe5 fxe5 35. e4 Nd4 0-1

[Event "Solingen-ch 2022"]
[Site "Solingen"]
[Date "2022.09.02"]
[Round "1.11"]
[White "Helfer, Bernd"]
[Black "Fodor, Bernhard"]
[Result "1-0"]
[WhiteElo "1880"]
[BlackElo "1327"]
[PlyCount "67"]
[EventDate "2022.??.??"]
[WhiteTeam "SC Erkrath 1973"]
[BlackTeam "SG Solingen e. V."]

1. Nf3 d5 2. g3 Nf6 3. Bg2 e5 4. Nxe5 Bd6 5. Nf3 Bf5 6. O-O O-O 7. d3 h6 8.
Nbd2 Nbd7 9. Re1 c6 10. e4 Bg4 11. h3 Qb6 12. Nf1 Bh5 13. Rb1 Ne5 14. Be3 Bxf3
15. Bxf3 Nxf3+ 16. Qxf3 d4 17. Bxh6 Rae8 18. Bf4 Be5 19. Bxe5 Rxe5 20. Nd2 Qd8
21. Nc4 Rfe8 22. Nxe5 Rxe5 23. c3 Nh7 24. cxd4 Qxd4 25. Qe3 Qd7 26. Kg2 Qe6 27.
Qxa7 Ng5 28. Rh1 Qd7 29. Qe3 Ne6 30. Rbc1 b5 31. f4 Rc5 32. Rxc5 Nxc5 33. Qxc5
Qxd3 34. Re1 1-0

[Event "Solingen-ch 2022"]
[Site "Solingen"]
[Date "2022.09.02"]
[Round "1.12"]
[White "Dhanasekaran Meenambigai, Diya"]
[Black "Becker, Carsten"]
[Result "1-0"]
[WhiteElo "1316"]
[BlackElo "1873"]
[PlyCount "75"]
[EventDate "2022.??.??"]
[WhiteTeam "SG Solingen e. V."]
[BlackTeam "SG Solingen e. V."]

1. e4 g6 2. d4 Bg7 3. Nf3 d6 4. h3 c5 5. dxc5 Qa5+ 6. c3 Qxc5 7. Be3 Qc7 8. Bd3
Nd7 9. O-O Ngf6 10. Re1 Nc5 11. e5 dxe5 12. Bxc5 Qxc5 13. Rxe5 Qc7 14. Bb5+ Bd7
15. Bxd7+ Qxd7 16. Qxd7+ Nxd7 17. Rd5 e6 18. Rd1 b5 19. Na3 b4 20. Nb5 Ke7 21.
cxb4 Bxb2 22. Rab1 Bf6 23. Nd6 Nb6 24. Rbc1 Nd5 25. Ne4 Rhc8 26. Nxf6 Kxf6 27.
Rxc8 Rxc8 28. a3 Rc2 29. Ra1 Nc3 30. a4 Ne4 31. b5 Rb2 32. Nd4 a6 33. bxa6 Rb6
34. a7 Ra6 35. Nb5 Nc5 36. Rc1 Nxa4 37. Rc8 Nb6 38. Rb8 1-0

[Event "Solingen-ch 2022"]
[Site "Solingen"]
[Date "2022.09.02"]
[Round "1.13"]
[White "Meckel, Helmut"]
[Black "Pernizki, Max"]
[Result "1-0"]
[WhiteElo "1837"]
[BlackElo "1301"]
[PlyCount "77"]
[EventDate "2022.??.??"]
[WhiteTeam "SG Solingen e. V."]
[BlackTeam "SG Solingen e. V."]

1. Nc3 d5 2. e4 d4 3. Nb1 e5 4. Bc4 Nf6 5. d3 Nc6 6. c3 Bc5 7. Ne2 Bd7 8. b4
Bb6 9. cxd4 Nxd4 10. Bb2 Bg4 11. Qa4+ c6 12. f3 Bxf3 13. gxf3 Nxf3+ 14. Kd1 Ng4
15. Nd2 Ne3+ 16. Kc1 Nxc4 17. Nxc4 Qxd3 18. Nxb6 Qe3+ 19. Kb1 Qxe4+ 20. Kc1
Qe3+ 21. Kb1 Qxb6 22. a3 Rd8 23. Bc3 Qe3 24. Ra2 O-O 25. Qc2 Rd5 26. Ng3 g6 27.
Ne4 Kg7 28. Qe2 Rd3 29. Rc2 f5 30. Qxe3 Rxe3 31. Nc5 Rf7 32. Rd1 h5 33. Kb2 Kh6
34. Rd6 h4 35. Rg2 Rg7 36. Ne6 Rg8 37. Rd7 h3 38. Rg3 Kh5 39. Rh7# 1-0

[Event "Solingen-ch 2022"]
[Site "Solingen"]
[Date "2022.09.02"]
[Round "1.14"]
[White "Fetahovic, Sarah"]
[Black "Fränzel, Dr. Marius"]
[Result "0-1"]
[WhiteElo "1294"]
[BlackElo "1758"]
[PlyCount "70"]
[EventDate "2022.??.??"]
[WhiteTeam "SG Solingen e. V."]
[BlackTeam "SG Solingen e. V."]

1. e4 e5 2. Nf3 Nc6 3. Bb5 a6 4. Bxc6 dxc6 5. h3 Bc5 6. O-O Qd6 7. c3 Be6 8. d4
exd4 9. cxd4 O-O-O 10. Be3 Bc4 11. Nbd2 Bxf1 12. dxc5 Qe7 13. Qxf1 Nf6 14. Re1
Rd7 15. Qc4 Rhd8 16. e5 Nd5 17. Bg5 f6 18. e6 fxg5 19. exd7+ Qxd7 20. Qe4 Nf4
21. Kh2 Kb8 22. Re3 h6 23. Rb3 Nd5 24. Qa4 Ka7 25. Nc4 Rb8 26. Rd3 Qf5 27. Qa3
Qf4+ 28. g3 Qxc4 29. Qb3 Qxc5 30. Rd2 Rf8 31. Rc2 Qb6 32. Qa3 Rf6 33. Kg2 Qb4
34. Qd3 g4 35. hxg4 Qxg4 {ZÜ} 0-1

[Event "Solingen-ch 2022"]
[Site "Solingen"]
[Date "2022.09.16"]
[Round "2.1"]
[White "Speck, Stefan"]
[Black "Kniest, Oliver"]
[Result "0-1"]
[WhiteElo "1889"]
[BlackElo "2273"]
[PlyCount "78"]
[EventDate "2022.??.??"]
[WhiteTeam "SG Solingen e. V"]
[BlackTeam "SG Solingen e. V"]

1. e4 d5 2. exd5 Qxd5 3. Nc3 Qa5 4. d4 Nf6 5. Nf3 Bf5 6. Bd2 e6 7. Ne5 Qb6 8.
Bc1 Bb4 9. a3 Bxc3+ 10. bxc3 Nbd7 11. Nxd7 Nxd7 12. Bd3 Bg6 13. O-O O-O 14. Bf4
Qc6 15. c4 Rfd8 16. Rb1 Nb6 17. c5 Bxd3 18. Qxd3 Nd5 19. Qg3 Nxf4 20. Qxf4 b6
21. Rb3 bxc5 22. Rf3 Rd7 23. Rc3 c4 24. Rh3 Qd5 25. c3 Rb8 26. Re1 Rb3 27. Rg3
Kf8 28. Rg5 Qd6 29. Qf3 g6 30. h4 Qxa3 31. Rxe6 Re7 32. Rge5 Rxe6 33. Rxe6 Rb1+
34. Kh2 Rb6 35. Qa8+ Kg7 36. Re8 Qd6+ 37. g3 Qf6 38. Rh8 Qxf2+ 39. Kh3 Qf1+ 0-1

[Event "Solingen-ch 2022"]
[Site "Solingen"]
[Date "2022.09.16"]
[Round "2.2"]
[White "Zolfagharian, Kevin"]
[Black "Helfer, Bernd"]
[Result "1-0"]
[WhiteElo "2229"]
[BlackElo "1880"]
[PlyCount "31"]
[EventDate "2022.??.??"]
[WhiteTeam "SG Solingen e. V"]
[BlackTeam "SC Erkrath 1973"]

1. e4 d6 2. d4 Nf6 3. Nc3 g6 4. Be3 Bg7 5. Qd2 a6 6. Bh6 O-O 7. h4 b5 8. h5
Bxh6 9. Qxh6 Ng4 10. Qd2 b4 11. Nd5 f5 12. hxg6 fxe4 13. Qg5 Nc6 14. Rxh7 e6
15. Qh5 exd5 16. Qxd5+ 1-0

[Event "Solingen-ch 2022"]
[Site "Solingen"]
[Date "2022.09.16"]
[Round "2.3"]
[White "Fränzel, Dr. Marius"]
[Black "Görke, Joachim"]
[Result "0-1"]
[WhiteElo "1758"]
[BlackElo "2134"]
[PlyCount "48"]
[EventDate "2022.??.??"]
[WhiteTeam "SG Solingen e. V."]
[BlackTeam "SG Solingen e. V."]

1. e4 e5 2. Nf3 Nc6 3. Bb5 a6 4.
Ba4 d6 5. c3 Bd7 6. O-O g6 7. d4 Bg7 8. Bb3 Nf6 9. Re1 O-O 10. d5 Ne7 11. Nbd2
h6 12. Nf1 Nh5 13. Bc2 b5 14. Be3 f5 15. exf5 Bxf5 16. Bxf5 Nxf5 17. Qd2 g5 18.
g4 Nxe3 19. Qxe3 Nf4 20. Ng3 Nxd5 21. Qe4 Nf6 22. Qg6 Qe8 23. Qxe8 Raxe8 24. h4
Nxg4 0-1

[Event "Solingen-ch 2022"]
[Site "Solingen"]
[Date "2022.09.16"]
[Round "2.4"]
[White "Waagener, Ulrich"]
[Black "Meckel, Helmut"]
[Result "1-0"]
[WhiteElo "2115"]
[BlackElo "1837"]
[PlyCount "107"]
[EventDate "2022.??.??"]
[WhiteTeam "SG Solingen e. V"]
[BlackTeam "SG Solingen e. V"]

1. d4 e6 2. c4 f5 3. Nc3 Nf6 4. g3 Be7 5. Bg2 d6 6. Nf3 O-O 7. Qc2 Qe8 8. Bf4
Bd8 9. O-O Nc6 10. d5 exd5 11. cxd5 Ne7 12. Rad1 Ng6 13. Bg5 Ne5 14. Nd4 Qh5
15. Bc1 Neg4 16. h3 Nh6 17. Ne6 Re8 18. Nf4 Qf7 19. Nb5 g5 20. Ne6 Bxe6 21.
dxe6 Qxe6 22. Bxg5 Nf7 23. Be3 Ne4 24. Nd4 Qg6 25. Qb3 Bg5 26. Bxg5 Nexg5 27.
e3 Ne4 28. Qxb7 Rab8 29. Qc6 Re7 30. b3 Ne5 31. Qd5+ Kh8 32. Ne2 Rg8 33. Nf4
Qg5 34. Bxe4 fxe4 35. Qxe4 Ng6 36. Nxg6+ Rxg6 37. Qd4+ Kg8 38. Qd5+ Kf8 39.
Qxg5 Rxg5 40. Rc1 Ra5 41. a4 c5 42. Rfd1 Rd7 43. Rd5 Ke7 44. e4 Rb7 45. Rc3 Ra6
46. f4 Rab6 47. Rdd3 Ke6 48. Kf2 Rb4 49. Ke3 Rg7 50. g4 Rd7 51. f5+ Kf6 52.
Rxc5 dxc5 53. Rxd7 Rxb3+ 54. Kf4 1-0

[Event "Solingen-ch 2022"]
[Site "Solingen"]
[Date "2022.09.16"]
[Round "2.5"]
[White "Mänken, Merlin"]
[Black "Fichtner, Ewald"]
[Result "1/2-1/2"]
[WhiteElo "1669"]
[BlackElo "2030"]
[PlyCount "121"]
[EventDate "2022.??.??"]
[WhiteTeam "Elberfelder SG"]
[BlackTeam "SG Solingen e. V"]

1. d4 d5 2. c4 c6 3. Nf3 Nf6 4. e3 Bf5 5. Nc3 e6 6. Nh4 Bg6 7. Qb3 Qb6 8. Nxg6
hxg6 9. Bd2 Nbd7 10. O-O-O Qc7 11. h3 Be7 12. Kb1 a5 13. Rc1 Bb4 14. cxd5 Bxc3
15. dxc6 bxc6 16. Bxc3 O-O 17. Bd3 Nd5 18. g3 Rab8 19. Qc2 Rfc8 20. e4 Nb4 21.
Bxb4 Rxb4 22. d5 exd5 23. exd5 c5 24. a3 Rd4 25. Bb5 Rxd5 26. Bxd7 Qxd7 27.
Rcd1 Rd4 28. h4 Rd8 29. Rxd4 cxd4 30. Qd2 Qb5 31. Rd1 d3 32. Qg5 Rd5 33. Qd2
Qb3 34. Rc1 Re5 35. Rc3 Re2 36. Rxb3 Rxd2 37. Kc1 Rc2+ 38. Kb1 Rd2 39. Rb8+ Kh7
40. Rd8 g5 41. hxg5 Kg6 42. b4 axb4 43. axb4 Kxg5 44. b5 Rxf2 45. Rxd3 Rf6 46.
Rb3 Rb6 47. Kc2 f5 48. Kc3 f4 49. Kc4 Kg4 50. gxf4 Kxf4 51. Kc5 Rb8 52. Rb4+
Kf3 53. Kd5 g5 54. Ke5 Rf8 55. b6 g4 56. b7 g3 57. Rf4+ Rxf4 58. b8=Q Re4+ 59.
Kf5 g2 60. Qh2 Rh4 61. Qxh4 1/2-1/2

[Event "Solingen-ch 2022"]
[Site "Solingen"]
[Date "2022.09.16"]
[Round "2.6"]
[White "Kushchan, Eduard"]
[Black "Ipekyilmaz, Tayfun"]
[Result "1/2-1/2"]
[WhiteElo "2015"]
[BlackElo "1739"]
[PlyCount "48"]
[EventDate "2022.??.??"]
[WhiteTeam "SG Solingen e. V"]
[BlackTeam "Langenfelder SF 1933"]

1. d4 Nf6 2. Nf3 g6 3. c4 d5 4. Nc3 Bg7 5. cxd5 Nxd5 6. Bd2 c6 7. e4 Nxc3 8.
Bxc3 O-O 9. Qd2 Nd7 10. Bc4 Nf6 11. Qe2 Bg4 12. Bb3 a5 13. a4 Qb6 14. Ba2 Rfd8
15. O-O Ne8 16. Bxf7+ Kh8 17. e5 Nc7 18. Qe4 Bxf3 19. gxf3 Rf8 20. Ba2 Rf5 21.
Rad1 Raf8 22. Rd3 e6 23. b4 axb4 24. Rb1 Nd5 1/2-1/2

[Event "Solingen-ch 2022"]
[Site "Solingen"]
[Date "2022.09.09"]
[Round "2.8"]
[White "Boschek, Dr. Hajo"]
[Black "Dhanasekaran Meenambigai, Diya"]
[Result "1-0"]
[WhiteElo "1920"]
[BlackElo "1316"]
[PlyCount "93"]
[EventDate "2022.??.??"]
[WhiteTeam "SG Solingen e. V"]
[BlackTeam "SG Solingen e. V"]

1. Nf3 c5 2. g3 Nf6 3. Bg2 g6 4. O-O Bg7 5. c4 O-O 6. Nc3 Nc6 7. d3 d6 8. Bd2
Bd7 9. a3 Qc8 10. Re1 Bh3 11. Bh1 Ng4 12. Ng5 Nf6 13. Nxh3 Qxh3 14. Bg2 Qd7 15.
Rb1 e6 16. b4 a6 17. Na4 Qc7 18. bxc5 dxc5 19. Nxc5 b6 20. Na4 Rab8 21. Nc3
Rfe8 22. Qa4 Na5 23. Ne4 Nxe4 24. Bxe4 Qc5 25. Bb4 Qe5 26. Rec1 Qc7 27. c5 Nb7
28. cxb6 Qxb6 29. Rc6 Qb5 30. Qxa6 Qxa6 31. Rxa6 Nc5 32. Ra7 Nxe4 33. dxe4 Bf8
34. Rb2 Rb5 35. Bc3 Rxb2 36. Bxb2 Rb8 37. Bf6 Bg7 38. e5 Kf8 39. a4 h5 40. a5
Bh6 41. a6 Bd2 42. Rb7 Ra8 43. a7 Ke8 44. Rb8+ Rxb8 45. axb8=Q+ Kd7 46. Qb7+
Ke8 47. Qc8# 1-0

[Event "Solingen-ch 2022"]
[Site "Solingen"]
[Date "2022.09.16"]
[Round "2.9"]
[White "Becker, Carsten"]
[Black "Vranidis, Athanassios"]
[Result "0-1"]
[WhiteElo "1873"]
[BlackElo "1904"]
[PlyCount "66"]
[EventDate "2022.??.??"]
[WhiteTeam "SG Solingen e. V"]
[BlackTeam "SG Solingen e. V"]

1. e4 c5 2. Nf3 d6 3. g3 Nc6 4. Bg2 g6 5. c3 Bg7 6. O-O Nf6 7. d3 O-O 8. Nbd2
Bd7 9. h3 b5 10. Qe2 Rb8 11. Rd1 Qc8 12. Kh2 b4 13. d4 cxd4 14. cxd4 Na5 15. b3
Bb5 16. Qe3 Qc3 17. Rb1 Qxe3 18. fxe3 Bd3 19. Ra1 Bxe4 20. Nxe4 Nxe4 21. Bb2
Rbc8 22. Rac1 Bh6 23. g4 Bxe3 24. Rxc8 Rxc8 25. Re1 Bf4+ 26. Kg1 d5 27. Ne5 Rc2
28. Nd3 Bg3 29. Rc1 Rxc1+ 30. Bxc1 Nc6 31. Be3 Nc3 32. Kf1 e6 33. Nc1 Bc7 0-1

[Event "Solingen-ch 2022"]
[Site "Solingen"]
[Date "2022.09.16"]
[Round "2.10"]
[White "Shivkumar, Siddharth"]
[Black "Bauer, Matthias"]
[Result "1-0"]
[WhiteElo "1451"]
[BlackElo "1623"]
[PlyCount "63"]
[EventDate "2022.??.??"]
[WhiteTeam "SG Solingen e. V"]
[BlackTeam "SV Günnigfeld 1922 e."]

1. e4 d5 2. exd5 Qxd5 3. Nc3 Qa5 4. d4 c6 5. Nf3 Nf6 6. Bd2 Qc7 7. Be2 Bf5 8.
Ne5 Nbd7 9. f4 Nxe5 10. fxe5 Ne4 11. O-O e6 12. Be3 Bb4 13. Nxe4 Bxe4 14. c3
Be7 15. Bh5 Bg6 16. Qf3 Rf8 17. Bxg6 hxg6 18. Qh3 O-O-O 19. Rxf7 Rxf7 20. Qxe6+
Rd7 21. Qxf7 Bg5 22. Qe8+ Qd8 23. Qxd8+ Bxd8 24. Re1 Bb6 25. Bg5 Rf7 26. e6 Rf8
27. e7 Re8 28. Re6 c5 29. dxc5 Bxc5+ 30. Kf1 Kd7 31. Rxg6 Bxe7 32. Rxg7 1-0

[Event "Solingen-ch 2022"]
[Site "Solingen"]
[Date "2022.09.09"]
[Round "2.11"]
[White "Hirsch, Dominik"]
[Black "Seibert, Hanjo"]
[Result "1-0"]
[WhiteElo "1639"]
[BlackElo "1452"]
[PlyCount "83"]
[EventDate "2022.??.??"]
[WhiteTeam "Elberfelder SG"]
[BlackTeam "SG Solingen e. V"]

1. e4 e5
2. Nf3 Nf6 3. Nc3 Bb4 4. Bc4 Bxc3 5. dxc3 d6 6. Qe2 Bg4 7. h3 Bh5 8. Bg5 h6 9.
Bh4 Nbd7 10. O-O-O Qe7 11. g4 Bg6 12. Nd2 Nc5 13. f3 O-O-O 14. Nf1 h5 15. Ne3
c6 16. Nf5 Qf8 17. Rd2 Rd7 18. Bxf6 gxf6 19. Rhd1 Bxf5 20. exf5 d5 21. Bb3
Nxb3+ 22. axb3 Qh6 23. Kb1 hxg4 {(=)} 24. hxg4 Qf4 25. c4 Rhd8 26. cxd5 Rxd5
27. Rxd5 Rxd5 28. Rxd5 cxd5 29. Qb5 Qxf3 30. Qe8+ Kc7 31. Qxf7+ Kc6 32. Qxf6+
Kc5 33. Qe7+ Kb6 34. Qd6+ Kb5 35. Qxe5 Qf1+ 36. Ka2 Kc5 37. c4 Qf3 38. Qxd5+
Qxd5 39. cxd5 Kxd5 40. f6 Ke6 41. g5 Kf7 42. Ka3 1-0

[Event "Solingen-ch 2022"]
[Site "Solingen"]
[Date "2022.09.16"]
[Round "2.12"]
[White "Bock, Jürgen"]
[Black "Schüller, Reinhard"]
[Result "1-0"]
[WhiteElo "1554"]
[BlackElo "1385"]
[PlyCount "35"]
[EventDate "2022.??.??"]
[WhiteTeam "SC Düsseldorf Garath"]
[BlackTeam "SG Solingen e. V"]

1. d4 d5 2. Nf3 c5 3. e3 Nc6 4. Bd3 Nf6 5. c3 c4 6. Bc2 Bg4 7. Nbd2 e5 8. dxe5
Nxe5 9. h3 Nxf3+ 10. Nxf3 Be6 11. O-O Bd6 12. Nd4 Bd7 13. Nf5 Bc7 14. Nxg7+ Kf8
15. Nh5 Ne4 16. Qxd5 Nd6 17. e4 Bc6 18. Bh6+ 1-0

[Event "Solingen-ch 2022"]
[Site "Solingen"]
[Date "2022.09.16"]
[Round "2.13"]
[White "Fodor, Bernhard"]
[Black "Matzner, Julian"]
[Result "0-1"]
[WhiteElo "1327"]
[BlackElo "1544"]
[PlyCount "24"]
[EventDate "2022.??.??"]
[WhiteTeam "SG Solingen e. V"]
[BlackTeam "SK Köln-Worringen"]

1. f4 Nf6 2. d3 d5 3. g3 Bf5 4. Nf3 e6 5. e3 Nbd7 6. Be2 Bd6 7. Ne5 Bxe5 8.
fxe5 Nxe5 9. O-O h5 10. e4 Bh3 11. Rxf6 Qxf6 12. Bf4 h4 0-1

[Event "Solingen-ch 2022"]
[Site "Solingen"]
[Date "2022.09.16"]
[Round "2.14"]
[White "Scheidtmann, Kian"]
[Black "Fetahovic, Sarah"]
[Result "1-0"]
[WhiteElo "1534"]
[BlackElo "1294"]
[PlyCount "117"]
[EventDate "2022.??.??"]
[WhiteTeam "SG Solingen e. V"]
[BlackTeam "SG Solingen e. V"]

1. e4 e5 2. Nf3 Nc6 3. Bb5 a6 4. Ba4 Nf6 5. O-O Be7 6. Re1 b5 7. Bb3 Bb7 8. c3
d6 9. d4 exd4 10. cxd4 O-O 11. Nc3 Na5 12. Bc2 b4 13. Na4 h6 14. Bd2 c5 15. b3
Nc6 16. d5 Ne5 17. Nxe5 dxe5 18. Nb2 Ne8 19. Qg4 Kh8 20. Nc4 Bf6 21. Qh5 Qc7
22. f4 exf4 23. e5 Bg5 24. h4 g6 25. Qg4 Bc8 26. e6 fxe6 27. dxe6 Bf6 28. Qxg6
Qg7 29. Qxg7+ Kxg7 30. Rad1 Bd4+ 31. Kh2 Bb7 32. Be4 Bxe4 33. Rxe4 f3 34. gxf3
Rxf3 35. Be3 Bxe3 36. Nxe3 Nf6 37. Re5 Re8 38. Kg2 Rf4 39. e7 Ng4 40. Rd8 Kf7
41. Rf5+ Kxe7 42. Rxe8+ Kxe8 43. Rxf4 Nxe3+ 44. Kf3 Nd5 45. Rf5 Nc3 46. Rxc5
Nxa2 47. Rc6 a5 48. Rc5 Kf7 49. Kg4 Kg6 50. Rc6+ Kg7 51. Kh5 Nc3 52. Rc7+ Kf6
53. Kxh6 a4 54. bxa4 Nxa4 55. Rb7 Nc5 56. Rxb4 Ne6 57. Rb6 Kf7 58. Rxe6 Kxe6
59. Kg7 1-0